Dictator by picture - Statistics

General Stats
  • This quiz has been taken 36 times
  • The average score is 10 of 12
Answer Stats
Picture Answer % Correct
Adolf Hitler
100%
Joseph Stalin
100%
Napoleon Boneparte
100%
Kim Jong-il
92%
Mao Zedong
92%
Benito Mussolini
86%
Fidel Castro
83%
Muammar Gaddafi
83%
Saddam Hussein
83%
Xi Jinping
83%
Francisco Franco
53%
Nicolas Maduro
33%
No matching quizzes found
Score Distribution
Percent of People with Each Score
Percentile by Number Answered
Your Score History
You have not taken this quiz